| 000 | 00712nas a2200229 4500 | ||
|---|---|---|---|
| 001 | BR9101031 | ||
| 003 | BR-BrBNA | ||
| 005 | 20231205091939.0 | ||
| 007 | ta | ||
| 008 | 230509b bl.|||p| |||| 00| 00por d | ||
| 040 |
_aBR-BrBNA _bpor _cBiblioteca Nacional de Agricultura |
||
| 041 | _a(Pt) | ||
| 072 | _aU10 | ||
| 100 | 1 | _aMorais, A.R. de | |
| 100 | 1 | _aCruz, V.F. da | |
| 245 | 1 | _aModelo de superficie de resposta com algumas variaveis auxiliares adicionais | |
| 650 | _aMODELO MATEMATICO | ||
| 650 | _aESTATISTICA | ||
| 773 | 0 |
_tPesquisa Agropecuaria Brasileira (Brazil) _xISSN 0100-204X _g(Jun 1989), v. 24(6) p. 635-645 _wBR9101031 |
|
| 909 |
_a202311 _bLúcia _c55 _dLúcia Elande |
||
| 942 |
_2AGRIS _n0 _cANA |
||
| 999 |
_c128292 _d128292 |
||